| 000 | 01193cam a22003015a 4500 | ||
|---|---|---|---|
| 001 | 14905169 | ||
| 005 | 20090129082929.0 | ||
| 008 | 070627s2007 nyu 000 0 eng | ||
| 010 | _a 2007931823 | ||
| 020 | _a9783540736424 | ||
| 040 |
_aDLC _cDLC _dDLC |
||
| 082 |
_222 _a368.01 _bWUT |
||
| 100 | 1 |
_aWuthrich, Mario Valentin. _94766 |
|
| 245 | 1 | 0 |
_aMarket-consistent actuarial valuation / _cWuthrich Mario Valentin, Buhlmann Hans, Furrer Hansjorg. |
| 250 | _a1st ed. | ||
| 260 |
_aNew York : _bSpringer, _c2008 |
||
| 263 | _a0710 | ||
| 300 |
_a120 p.: _bill.; _c23 cm. |
||
| 440 |
_93391 _aEAA lecture notes |
||
| 504 | _aIncludes bibliographical references p.:120 and index | ||
| 650 |
_94764 _aLife insurance _x--Mathematics |
||
| 650 |
_94765 _aInsurance _x--Mathematics |
||
| 856 | 4 | 2 |
_3Publisher description _uhttp://www.loc.gov/catdir/enhancements/fy0904/2007931823-d.html |
| 856 | 4 | 1 |
_3Table of contents only _uhttp://www.loc.gov/catdir/enhancements/fy0904/2007931823-t.html |
| 942 |
_2ddc _cBB |
||
| 999 |
_c11538 _d11538 |
||